|
|
|
|
| LEADER |
00000nab a2200000 a 4500 |
| 001 |
vtls000375789 |
| 003 |
SK-MaSNL |
| 005 |
20260426073817.0 |
| 008 |
111202c1990 xo 0 slo |
| 015 |
|
|
|a SNBRB19rr/mm-uuuuu
|
| 035 |
|
|
|a CL0375911
|
| 040 |
|
|
|a SNKBUCL
|b slo
|c SNKBUCL
|e AACR2
|
| 041 |
0 |
|
|a slo
|
| 044 |
|
|
|a xo
|c SK
|
| 080 |
|
|
|a 78.071.2:377.4
|2 1981
|
| 080 |
|
|
|a 377.4
|2 1981
|
| 100 |
1 |
|
|a Hlaváčová, Evaa
|4 aut
|9 9883
|
| 245 |
1 |
0 |
|a Zlepšiť súzvuk ľudských hlasov
|c Eva Hlaváčová
|
| 650 |
0 |
7 |
|a dirigenti
|2 SNKPH
|9 3192
|
| 651 |
|
7 |
|a Slovensko
|2 SNKPHgeo
|9 14231
|
| 655 |
|
7 |
|a články z novín a časopisov
|2 SNK
|9 267496
|
| 773 |
0 |
|
|t Rytmus
|g Roč. 41, č. 2 (1990), s. 7
|
| 850 |
|
|
|a Slovenská národná knižnica v Martine
|a MTA001
|
| 852 |
|
|
|a SNK
|b KIS3GCP
|
| 958 |
|
|
|a RK
|
| 992 |
|
|
|a RBX
|
| 999 |
|
|
|c 2717621
|d 2719551
|